LEADER 01376nam a2200313 u 4500 001 000000051649 003 CaOOAMICUS 005 20070226115348.0 008 000921s1966 gw u000 u ger u 035 $a10856169 040 $aPUL(R)$bita 245 00$aKarl Marx Friederich Engels :$bStudienausgabe in 4 Bänden /$cherausgegeben von Iring Fetscher. 246 33$aMarx-Engels: Studienausgabe 260 $aFrankfurt am Main :$bFischer Verlag,$c1966. 300 $av. ;$c18 cm 490 1 $aFischer Bücherei ;$v766 504 $aNote bibliografiche. 505 1 $aBand. III: Geschichte und Politik (1). 600 14$aMarx, Karl,$d1818-1883.$0(OLS)http://pul/subject/4942 600 14$aEngels, Friedrich,$d1820-1895.$0(OLS)http://pul/subject/21705 700 1 $aFetscher, Iring,$d1922-$0(OLS)http://pul/name/30966 830 0$aFischer Bücherei ;$v766.$0(OLS)http://pul/title/69378 850 $aPUL 852 $aPUL$W1$xDP1 Fondo Ciprotti$y59$m1538 E 38$j68417$nBK-PRI$b $qFondi$B68417$CPULBib$Z2$F68417 $H $81 941 1 $a1 961 $aINV: Fondo Ciprotti 996 $6245$aKarl Marx Friederich Engels :$bStudienausgabe in 4 Bänden$9(OLS)http://pul/title/69376 996 $6246$aMarx-Engels: Studienausgabe$9(OLS)http://pul/title/69377 996 $6260$aFrankfurt am Main :$bFischer Verlag$9(OLS)http://pul/publisher/68085 LEADER 01594nam a2200349 a 4500 001 000000153343 003 CaOOAMICUS 005 20160726113152.0 008 160726s2016 vc u000 u ita r 020 $a978-88-209-9844-8* 032 $aLibriCat 040 $aPUL$bita 082 04$a252 100 0 $aFranciscus PP.,$d1936-2025.$0(OLS)http://pul/name/86295 245 10$aOmelie del mattino nella Cappella della Domus Sanctae Marthae :$b10 dicembre 2015 - 31 maggio 2016 /$c[papa Francesco]. 260 $aCittà del Vaticano :$bLibreria editrice vaticana,$c©2015. 300 $a220 p. ;$c21 cm. 490 1 $aLe parole di Papa Francesco ;$v07 600 04$aFranciscus PP.,$d1936-2025$xInsegnamenti.$0(OLS)http://pul/subject/39921 830 3$aLe parole di Papa Francesco ;$v07.$0(OLS)http://pul/title/188574 850 $aPUL 852 $aPUL$W1$xSL Religione 3$y85$m252 FRANC 2.7$j176548$qDDC 21$B179047$CPULBib$Z2$F179047 $H128059 $81 900 $aBergoglio, Jorge Mario$986295 900 $aFrancesco, papa,$d1936-$986295 910 $aPapi (2013-2025 : Franciscus)$986295 910 $aPapi (2013-2025 : Franciscus)$986295 941 1 $a9 996 $6020$a978-88-209-9844-8*$9(OLS)http://pul/number/160809 996 $6082$a252$9(OLS)http://pul/classification/561 996 $6245$aOmelie del mattino nella Cappella della Domus Sanctae Marthae :$b10 dicembre 2015 - 31 maggio 2016$9(OLS)http://pul/title/192787 996 $6260$aCittà del Vaticano :$bLibreria editrice vaticana$9(OLS)http://pul/publisher/47920